• 首页
  • 本馆介绍
  • 公告通知
  • 最新文献
  • 馆藏检索
  • 电子资源
  • 读者导购
  • 参考咨询
  • 我的图书馆
  • 登录
  • 详细信息显示
  • 放入我的书架
  • 预约/预借图书
  • 作者相关作品
  • 分类相关作品
  • 丛书相关作品
  • 出版社相关作品

书目信息

  • 表格格式
  • 工作单格式
  • 卡片格式
题名:
摄影加工化学
    
 
作者: 梅森 著 ;何永庆 译
分册:  
出版信息: 北京   中国电影出版社  1982
页数: 471页
开本: 21cm
丛书名:
单 册:
中图分类: TB812
科图分类:
主题词: 摄影--理论 , 光学—摄影 , 摄影—光学
电子资源:
ISBN:
000 00677nam0 2200265 45 980
001 0637776358
005 20060820151104.79
010    @dCNY2.30
091    @a15061.183
100    @a19980805 m 0
101 0  @achi
102    @aCN@b110000
105    @ay 000yy
106    @ar
200 10 @a摄影加工化学@f(美)梅森(Mason,L.F.A.)著@Ashe ying jia gong hua xue@g何永庆译
210    @a北京@c中国电影出版社@d1982
215    @a471页@d21cm
606 0  @a摄影@x理论
606    @a光学—摄影
606    @a摄影—光学
690    @aTB812@v3
701  1 @a梅森@bL.F.A.@4著@Amei sen
702  0 @a何永庆@4译@Ahe yong qing
801 0  @c20060820
905    @a10447@dTB812@e122
    
    摄影加工化学/(美)梅森(Mason,L.F.A.)著/何永庆译 .-北京:中国电影出版社,1982
    471页;21cm
    
    
    ISBN :CNY2.30
    
●
相关链接 在E读中查询图书 在五车中查询图书 在当当中查询图书 在豆瓣中查询图书


正题名:摄影加工化学     索取号:TB812/122         预约/预借

序号 登录号 条形码 馆藏地/架位号 状态 备注
1 0439447   204394477   密集书库/ [索取号:TB812/122] 在馆    
2 0458232   204582326   密集书库/ [索取号:TB812/122] 在馆    
3 0458233   204582335   密集书库/ [索取号:TB812/122] 在馆    
4 0470400   204704007   密集书库/ [索取号:TB812/122] 在馆    
唐山师范学院图书馆 欢迎您!
大连网信软件有限公司© 版权所有